[Event "Zagreb op"]
[Site "Zagreb"]
[Date "2006.01.15"]
[Round "2"]
[White "Klapsic, Matija"]
[Black "Bukal, Vladimir Sr"]
[Result "0-1"]
[WhiteElo "2189"]
[BlackElo "2419"]
[PlyCount "66"]
[EventDate "2006.01.14"]
[EventType "swiss"]
[EventRounds "9"]
[EventCountry "CRO"]
[SourceTitle "CBM 110 Extra"]
[Source "ChessBase"]
[SourceDate "2006.03.10"]
[SourceVersion "2"]
[SourceVersionDate "2006.03.10"]
[SourceQuality "1"]

1. e4 e6 2. d4 d5 3. Nd2 Nf6 4. e5 Nfd7 5. Bd3 c5 6. c3 Nc6 7. Ne2 cxd4 8. cxd4 a5 9. a3 Nb6 10. 0-0 a4 11. Nf3 Na5 12. Be3 Be7 13. Nc3 Bd7 14. Qe2 Nbc4 15. Rab1 b5 16. Ne1 Qb6 17. Nc2 h5 18. Na2 Nc6 19. Kh1 N6a5 20. Nab4 Nb3 21. Rfd1 Rc8 22. Qf3 g6 23. h3 Qd8 24. Qg3 Bh4 25. Qf4 g5 26. Qh2 g4 27. Qf4 Be7 28. f3 Qc7 29. Ne1 f5 30. exf6 Qxf4 31. Bxf4 Bxf6 32. Be5 Bxe5 33. dxe5 Ke7 0-1

[Event "Zagreb op"]
[Site "Zagreb"]
[Date "1999.??.??"]
[Round "3"]
[White "Franic, Milan"]
[Black "Klapsic, Matija"]
[Result "1-0"]
[WhiteElo "2435"]
[BlackElo "2220"]
[PlyCount "101"]
[EventDate "1999.??.??"]
[EventType "swiss"]
[EventRounds "9"]
[EventCountry "CRO"]
[SourceTitle "EXT 2000"]
[Source "ChessBase"]
[SourceDate "1999.11.16"]
[SourceVersion "1"]
[SourceVersionDate "1999.11.16"]
[SourceQuality "1"]

1. d4 Nf6 2. c4 e6 3. Nc3 d5 4. Bg5 c6 5. e3 Nbd7 6. Nf3 Bb4 7. cxd5 exd5 8. Qc2 Qa5 9. Bd3 h6 10. Bh4 0-0 11. 0-0 Re8 12. a3 Be7 13. h3 Qd8 14. Bg3 b6 15. b4 Bb7 16. Rab1 Bf8 17. Rfe1 a5 18. Red1 axb4 19. axb4 Qe7 20. Bh4 g5 21. Bg3 Ra3 22. Re1 Ne4 23. Bxe4 dxe4 24. Nd2 f5 25. Nc4 Raa8 26. Bc7 Qe6 27. Nxb6 Nxb6 28. Bxb6 f4 29. Bc5 Ba6 30. b5 cxb5 31. Bxf8 b4 32. Nxe4 Kxf8 33. Nc5 Qc6 34. Rxb4 Bc8 35. Qb3 Be6 36. Nxe6+ Qxe6 37. d5 Qe5 38. e4 Ra1 39. Rxa1 Qxa1+ 40. Kh2 Qe1 41. Qb2 Kf7 42. Rb7+ Re7 43. Rxe7+ Kxe7 44. e5 f3 45. Qb7+ Ke8 46. Qc8+ Kf7 47. Qe6+ Kg7 48. Qf6+ Kh7 49. Qf5+ Kg7 50. Kg3 fxg2 51. Kxg2 1-0